000 00241nam a22000857a 4500
008 170111b xxu||||| |||| 00| 0 eng d
100 _92319
_aDoshi. D. M
245 _aMy Green world: Environmental-2
260 _aNew Delhi
_bCardova publication
_c2007
999 _c5253
_d5253